000 00212 a2200097 4500
001 11022
100 _aEmbree, A.
245 _aPakistan Westren Borderlands
260 _a
_bRoyal Book Co
_c
090 _c8590
_d8590
942 _aNUST-CAE
_cM
_c35367
999 _c246095
_d246095